[Event "TCh-RUS w"]
[Site "Sochi RUS"]
[Date "2004.04.22"]
[Round "3"]
[White "Semenova,Ir"]
[Black "Galliamova,A"]
[Result "1/2-1/2"]
[WhiteElo "2279"]
[BlackElo "2502"]

1.e4 c5 2.Nf3 d6 3.d4 cxd4 4.Nxd4 Nf6 5.Nc3 Nc6 6.Bg5 e6 7.Qd2 h6 8.Be3 Ng4
9.Nxc6 bxc6 10.Bf4 e5 11.Bg3 Be6 12.Be2 Be7 13.h3 Nf6 14.O-O O-O 15.Rad1 Qb6
16.b3 Rad8 17.Bd3 Nd7 18.Na4 Qc7 19.c4 Bg5 20.Qc2 Rfe8 21.Rfe1 Nf8 22.c5 Ng6
23.cxd6 Rxd6 24.Be2 Red8 25.Rxd6 Rxd6 26.Rd1 Bf4 27.Rxd6 Qxd6 28.Nc5 Bxg3
29.fxg3 Nf8 30.Kh2 g6 31.b4 h5 32.a3 Bc8 33.Bc4 Qf6 34.Qe2 Kg7 35.Qe3 Qe7
36.Qf2 Nh7 37.Nd3 Nf6 38.Nc5 Qd6 39.Qa2 Qe7 40.Qf2 Qc7 41.Qd2 Ne8 42.Qc3 Qe7
43.Nd3 f6 44.Bb3 Nd6 45.Nc5 Bd7 46.Ba2 Be8 47.Qd3 Bf7 48.Bxf7 Kxf7 49.Qb3+ Kg7
50.a4 f5 51.Qf3 fxe4 52.Nxe4 Nf5 53.Qc3 Nd4 54.Nd2 h4 55.gxh4 Qxh4 56.g3 Qg5
57.Nf3 Qf5 58.Kg2 Qe4 59.g4 a6 60.Kf2 Nxf3 61.Qxf3 Qxb4 62.Qxc6 Qd2+ 63.Kg3 Qf4+
64.Kg2 e4 65.Qc3+ Kh7 66.Qg3 Qd2+ 67.Kf1 Qd1+ 68.Kf2 Qc2+ 69.Ke1 Qxa4 70.Qh4+ Kg8
71.Qd8+ Kf7 72.Qd5+ Ke7 73.Qg5+ Kf7 74.Qd5+ Kg7 75.Qe5+ Kh7 76.Qe7+ Kg8 77.Qe6+ Kg7
78.Qe7+ Kh8 79.Qf6+ Kh7  1/2-1/2

[Event "6th Open"]
[Site "Dubai UAE"]
[Date "2004.04.24"]
[Round "6"]
[White "Shetty,R"]
[Black "Gelashvili,T"]
[Result "0-1"]
[WhiteElo "2367"]
[BlackElo "2542"]

1.e4 c5 2.Nf3 d6 3.d4 cxd4 4.Nxd4 Nf6 5.Nc3 Nc6 6.Bg5 e6 7.Qd2 a6 8.O-O-O Nxd4
9.Qxd4 Be7 10.f3 Qc7 11.g4 b5 12.Be3 h6 13.h4 Bb7 14.Bh3 b4 15.Na4 Rc8 16.Qd2 Nd7
17.b3 Bc6 18.Nb2 Ne5 19.Bg2 a5 20.Kb1 d5 21.exd5 Bxd5 22.f4 Nxg4 23.Bd4 Nf6
24.Bxd5 Nxd5 25.Bxg7 Rg8 26.Be5 Qb7 27.Rhg1 Rxg1 28.Rxg1 Bc5 29.Nc4 Ke7 30.Rg7 Rd8
31.Kb2 a4 32.bxa4 Nb6 33.Qe2 Qd5 34.Kb3 Nxc4 35.Qxc4 Qf3+  0-1

[Event "6th Open"]
[Site "Dubai UAE"]
[Date "2004.04.25"]
[Round "7"]
[White "Janahi,Z"]
[Black "Shetty,R"]
[Result "0-1"]
[WhiteElo "2251"]
[BlackElo "2367"]

1.e4 c5 2.Nf3 d6 3.d4 cxd4 4.Nxd4 Nf6 5.Nc3 Nc6 6.Bg5 e6 7.Qd2 a6 8.O-O-O Nxd4
9.Qxd4 Be7 10.f3 Qc7 11.Bh4 b5 12.g4 h6 13.a3 Bb7 14.Qd2 d5 15.Bg3 Qa5 16.exd5 Bxa3
17.Na2 Qxd2+ 18.Rxd2 Bc5  0-1

[Event "6th Open"]
[Site "Dubai UAE"]
[Date "2004.04.25"]
[Round "7"]
[White "Hamdani,R"]
[Black "Baum,B"]
[Result "1-0"]
[WhiteElo "2385"]
[BlackElo "2242"]

1.e4 c5 2.Nf3 Nc6 3.d4 cxd4 4.Nxd4 Nf6 5.Nc3 d6 6.Bg5 Bd7 7.Bc4 Qa5 8.Bxf6 gxf6
9.Bb3 Rg8 10.g3 Rc8 11.O-O h5 12.Nd5 Nxd4 13.Qxd4 h4 14.Rfe1 hxg3 15.hxg3 Qc5
16.Rad1 Bg4 17.Rd3 Qxd4 18.Rxd4 Rg6 19.Rd3 Bd7 20.Kg2 e6 21.Ne3 b5 22.c3 Bc6
23.f3 Be7 24.Rh1 Kd7 25.Kf2 Rcg8 26.g4 Bd8 27.Ke2 Ke7 28.Rdd1 Bb6 29.Rh7 R6g7
30.Rdh1 Rxh7 31.Rxh7 a5 32.a3 Bc5 33.Ng2 b4 34.axb4 axb4 35.Nf4 Bd7 36.cxb4 Bxb4
37.Bc4 Bc5 38.Kd3 Bf2 39.b4 Bg3 40.Ne2 Be1 41.b5 Bf2 42.Nf4 Bg3 43.Nh5 Be5
44.b6 Rb8 45.f4 Bb2 46.f5 Rxb6 47.Nf4 d5 48.Bxd5 Kd6 49.Bc4 Ke5 50.Nh5 Bb5
51.Rxf7 Bxc4+ 52.Kxc4 Rc6+ 53.Kd3 exf5 54.gxf5  1-0

[Event "It"]
[Site "Zalaegerszeg HUN"]
[Date "2004.04.25"]
[Round "2"]
[White "Horvath,Ad1"]
[Black "Balogh,C"]
[Result "1/2-1/2"]
[WhiteElo "2517"]
[BlackElo "2468"]

1.e4 c5 2.Nf3 d6 3.d4 cxd4 4.Nxd4 Nf6 5.Nc3 Nc6 6.Bg5 e6 7.Qd2 Be7 8.O-O-O Qb6
9.Nb3 O-O 10.f3 a6 11.g4 Qc7 12.Bxf6 Bxf6 13.g5 Be7 14.f4 b5 15.Rg1 b4 16.Ne2 a5
17.Nbd4 Nxd4 18.Nxd4 e5 19.Nf5 Rd8 20.Ne3 exf4 21.Nd5 Qa7 22.Bc4 Be6 23.Qxf4 Kh8
24.h4 Rac8 25.b3 Bxd5 26.Bxd5 Qc5 27.Rg2 Qc3 28.Kb1 Rf8 29.Rd3 Qe1+ 30.Kb2 f6
31.Qg3 Qxg3 32.Rdxg3 g6  1/2-1/2

[Event "Corsica Hotels Masters"]
[Site "Bastia FRA"]
[Date "2004.04.26"]
[Round "1"]
[White "Calistri,T"]
[Black "Bicchierai,G"]
[Result "1/2-1/2"]
[WhiteElo "2325"]
[BlackElo "2104"]

1.e4 c5 2.Nf3 d6 3.d4 cxd4 4.Nxd4 Nf6 5.Nc3 Nc6 6.Bg5 Bd7 7.Qd2 Rc8 8.O-O-O Nxd4
9.Qxd4 Qa5 10.f4 Rxc3 11.bxc3 e5 12.Qb4 Qxb4 13.cxb4 Nxe4 14.Bh4 g5 15.fxg5 Be7
16.Bd3 Nc3 17.Rde1 Nxa2+ 18.Kd2 Nxb4 19.Rb1 d5 20.Be2 b6 21.g6 Bxh4 22.gxf7+ Kxf7
23.Bh5+ Ke7 24.Rxb4 Bg5+ 25.Ke2 Rc8 26.Rb2 a6 27.Rd1 Bb5+ 28.Rxb5 axb5 29.Rxd5 Rxc2+
30.Kd3 Rc5 31.Ke4 Rxd5 32.Kxd5 Kf6 33.Ke4 b4 34.Bd1 Ke6 35.Bb3+ Kd6 36.Kd3 h5
37.Ke4 h4 38.h3 Bf4 39.Kd3 Kc5 40.Ke4 Kd6 41.Kd3 Kc5 42.Ke4  1/2-1/2

[Event "6th Open"]
[Site "Dubai UAE"]
[Date "2004.04.28"]
[Round "9"]
[White "Satyapragyan,S"]
[Black "Ramaswamy,A"]
[Result "1/2-1/2"]
[WhiteElo "2351"]
[BlackElo "2263"]

1.e4 c5 2.Nf3 Nc6 3.d4 cxd4 4.Nxd4 Nf6 5.Nc3 d6 6.Bg5 e6 7.Qd2 Be7 8.O-O-O Qb6
9.f4 Nxd4 10.Qxd4 Qxd4 11.Rxd4  1/2-1/2

[Event "Corsica Hotels Masters"]
[Site "Bastia FRA"]
[Date "2004.04.30"]
[Round "7"]
[White "Trabert,B"]
[Black "Bicchierai,G"]
[Result "1-0"]
[WhiteElo "2277"]
[BlackElo "2104"]

1.e4 c5 2.Nf3 d6 3.d4 cxd4 4.Nxd4 Nf6 5.Nc3 Nc6 6.Bg5 e6 7.Qd2 a6 8.O-O-O h6
9.Be3 Be7 10.f3 Nxd4 11.Qxd4 b5 12.Kb1 e5 13.Qd2 Be6 14.h4 Qc7 15.Nd5 Nxd5
16.exd5 Bf5 17.g4 Bh7 18.Bd3 Bxd3 19.Qxd3 Rc8 20.Qe2 Qc4 21.Rd3 b4 22.Qd2 h5
23.g5 O-O 24.f4 Rfd8 25.b3 Qe4 26.Re1 Qf5 27.Qxb4 Bf8 28.Bd2 Qg4 29.fxe5 dxe5
30.Qxg4 hxg4 31.c4 Bd6 32.Re4 f5 33.gxf6 gxf6 34.Rxg4+ Kf7 35.Rdg3 Bf8 36.h5  1-0

[Event "FSGM May"]
[Site "Budapest HUN"]
[Date "2004.05.01"]
[Round "1"]
[White "Seres,L"]
[Black "Wittmann,W"]
[Result "1-0"]
[WhiteElo "2497"]
[BlackElo "2339"]

1.e4 c5 2.Nf3 d6 3.d4 cxd4 4.Nxd4 Nf6 5.Nc3 Nc6 6.Bg5 e6 7.Qd2 Be7 8.O-O-O Nxd4
9.Qxd4 O-O 10.f4 h6 11.Bh4 Qa5 12.Bc4 Qh5 13.Bg3 Rd8 14.Rhe1 Bd7 15.Kb1 Qc5
16.f5 Qxd4 17.Rxd4 exf5 18.exf5 Bf8 19.Bh4 Re8 20.g4 Rxe1+ 21.Bxe1 Bc6 22.Bg3 a6
23.Kc1 Be7 24.Kd2 Kf8 25.Nd5 Nxd5 26.Bxd5 Bxd5 27.Rxd5 Ke8 28.c4 Rc8 29.Kd3 Rc5
30.Rxc5 dxc5 31.Ke4 Kd7 32.Kd5 b6 33.h4 Bf6 34.b3 Be7 35.h5 Bg5 36.Be5 f6
37.Bd6 a5 38.Bf8 Bd2 39.Bxg7 Ke7 40.Kc6 Kf7 41.Bh8 Bc3 42.Kxb6 Kg8 43.Bxf6 Bxf6
44.Kxa5 Kf7 45.Kb6 Be7 46.a4 Ke8 47.a5 Bd8+ 48.Kb5 Kd7 49.a6  1-0

[Event "7th United Insurance"]
[Site "Dhaka BAN"]
[Date "2004.05.11"]
[Round "6"]
[White "Singh,G"]
[Black "Uddin,S"]
[Result "1-0"]
[WhiteElo "2352"]
[BlackElo "2254"]

1.e4 c5 2.Nf3 Nc6 3.d4 cxd4 4.Nxd4 Nf6 5.Nc3 d6 6.Bg5 e6 7.Bb5 Bd7 8.Bxc6 bxc6
9.Qf3 Rc8 10.O-O-O Be7 11.Rhe1 h6 12.Bh4 O-O 13.e5 dxe5 14.Rxe5 Re8 15.Ree1 Qb6
16.Bxf6 Bxf6 17.Nb3 Red8 18.Ne4 Be7 19.Nd6 Bxd6 20.Rxd6 Be8 21.Red1 Rxd6
22.Rxd6 a5 23.Qe3 Qxe3+ 24.fxe3 Ra8 25.a4 Kf8 26.Nc5 Ke7 27.Rd3 f5 28.c3 e5
29.b3 Ra7 30.Kb2 g5 31.Ka3 Bf7 32.b4 Bd5 33.Rd2 axb4+ 34.Kxb4 Ra8 35.c4 Rb8+
36.Kc3 Be6 37.Rd1 f4 38.e4 Bg4 39.Rd2 h5 40.a5 Bc8 41.Nd3 Ke6 42.a6 g4 43.a7 Ra8
44.Ra2 Kd6 45.Ra5 f3 46.gxf3 gxf3 47.Kd2 Bh3 48.Ke3 Bf1 49.Nxe5 c5 50.Nd3 f2
51.Nxf2 Bxc4 52.Nd3 Bf7 53.Ra6+ Kc7 54.Nxc5 Bc4 55.Rh6 Rxa7 56.Rh7+ Kb6 57.Rxa7 Kxa7
58.Kd4 Bb5 59.Kd5 Kb6 60.Kd6 Ka5 61.e5 Kb4 62.Nd7 Bc4 63.e6 Kc3 64.e7 Bf7
65.Ke5 Kd3 66.Kf4 Ke2 67.h4  1-0

[Event "7th United Insurance"]
[Site "Dhaka BAN"]
[Date "2004.05.12"]
[Round "8"]
[White "Mohammad,J"]
[Black "Sankalp,M"]
[Result "1-0"]
[WhiteElo "2149"]
[BlackElo "1953"]

1.e4 c5 2.Nf3 d6 3.d4 cxd4 4.Nxd4 Nf6 5.Nc3 Nc6 6.Bg5 e6 7.Qd2 Be7 8.O-O-O Nxd4
9.Qxd4 O-O 10.f3 a6 11.h4 Qa5 12.g4 b5 13.Kb1 b4 14.Ne2 e5 15.Qd2 Be6 16.Nc1 Rfd8
17.Bxf6 Bxf6 18.g5 Be7 19.Bh3 Bc4 20.b3 Be6 21.h5 Qb5 22.g6 h6 23.Rdg1 Kh8
24.gxf7 Bxf7 25.Nd3 Bf6 26.Nxb4 a5 27.Nd5 Bxd5 28.Qxd5 Qxd5 29.exd5 a4 30.Rg4 axb3
31.cxb3 Ra3 32.Rc4 Rda8 33.Rhc1 Kg8 34.Rc8+ Rxc8 35.Rxc8+ Kf7 36.Be6+ Ke7
37.Rb8 Ra5 38.Rb7+ Ke8 39.b4 Ra3 40.b5 Rxf3 41.b6 Rf1+ 42.Kc2 e4 43.a4 Rf2+
44.Kd1 e3 45.Bd7+ Kf8 46.Rb8+ Ke7 47.Bb5 Rd2+ 48.Kc1 Bb2+ 49.Kb1 e2 50.Re8+ Kf7
51.b7 Be5 52.Rxe5 dxe5 53.Bxe2  1-0

[Event "Karadjordje-Serbia"]
[Site "Topola SCG"]
[Date "2004.05.12"]
[Round "9"]
[White "Pikula,D"]
[Black "Damljanovic,B"]
[Result "1/2-1/2"]
[WhiteElo "2523"]
[BlackElo "2583"]

1.e4 c5 2.Nf3 d6 3.d4 cxd4 4.Nxd4 Nf6 5.Nc3 Nc6 6.Bg5 e6 7.Qd2 a6 8.O-O-O Bd7
9.f3 Be7 10.Kb1 Qc7 11.g4 h5 12.gxh5 Nxh5 13.Bxe7 Nxe7 14.Nde2 Ng6 15.f4 Nf6
16.f5 exf5 17.exf5 Bxf5 18.Nd4 Bg4 19.Re1+ Kf8 20.Rg1 d5 21.Nxd5 Nxd5 22.Rxg4 Rxh2
23.Bg2 Re8 24.Rxe8+ Kxe8 25.Nf3 Rh5 26.Re4+ Nge7 27.a3 Kf8 28.Rd4 g6 29.Ng5 Nf6
30.Ne4 Nxe4 31.Bxe4 b5 32.Bf3 Rh2 33.Rd8+ Kg7 34.Qd4+ f6 35.Rd7 Qxc2+ 36.Ka2 Re2
37.Bxe2 Qxe2 38.Rd6 Qc4+ 39.Qxc4 bxc4 40.Rxa6 g5 41.Ra4 g4 42.Rxc4 f5 43.a4 g3
44.a5 g2 45.Rc1 f4 46.a6 Nc6 47.Rxc6 g1=Q 48.Rc7+ Kf6 49.a7 Qh1 50.b4 Qd5+
51.Ka3 Qd3+ 52.Ka4 Qa6+ 53.Kb3 f3 54.Rc4 Qxa7 55.Rf4+ Ke5 56.Rxf3 Kd4 57.Rf5 Qa6
58.Rc5 Qe2 59.Ka4 Qa2+ 60.Kb5 Qa7 61.Rc4+ Kd5 62.Rc5+ Kd6 63.Kc4 Qa4 64.Kc3 Qa2
65.Ra5 Qb1 66.Rc5 Qe1+ 67.Kb3 Qd2 68.Ka4 Qa2+ 69.Kb5 Kd7 70.Rc3 Qa8 71.Rc5 Kd6
72.Kc4 Qa7 73.Kc3 Qa2 74.Ra5 Qf7 75.Rc5 Qg8 76.Rc4 Qg3+ 77.Kb2 Kd5 78.Rc3 Qg8
79.Rc5+ Kd4 80.Ka3 Qg3+ 81.Ka4 Qd3 82.Ka5 Qa3+ 83.Kb5 Qa2 84.Kb6 Qa4 85.b5 Qa8
86.Rc7 Qb8+ 87.Kc6 Kc4 88.b6 Qe8+ 89.Rd7 Qe6+ 90.Kc7 Qe5+ 91.Kc8 Qe8+ 92.Kc7 Qe5+
93.Kc8 Kb5 94.b7 Qc5+ 95.Kd8 Qf8+ 96.Kc7 Qf4+ 97.Kc8 Kc6 98.b8=N+ Kb6 99.Rb7+ Kc5
100.Rc7+ Qxc7+  1/2-1/2

[Event "Capablanca Mem Premier I"]
[Site "Havana CUB"]
[Date "2004.05.14"]
[Round "8"]
[White "Lopez Martinez,J"]
[Black "Bluvshtein,M"]
[Result "1/2-1/2"]
[WhiteElo "2440"]
[BlackElo "2463"]

1.e4 c5 2.Nf3 d6 3.d4 cxd4 4.Nxd4 Nf6 5.Nc3 Nc6 6.Bg5 e6 7.Qd2 Be7 8.O-O-O a6
9.f3 O-O 10.h4 d5 11.exd5 Nxd5 12.Nxd5 exd5 13.Bxe7 Qxe7 14.Qg5 Re8 15.Qxe7 Rxe7
16.h5 h6 17.Rh4 Bd7 18.Bd3 Nb4 19.Kd2 Nxd3 20.cxd3 Rc8 21.Rhh1 Kf8 22.Rc1 Ree8
23.Rhe1 Rxc1 24.Rxc1 Ke7 25.Ne2 Kd6 26.Rh1 Re5 27.d4 Re8 28.Nf4 Bb5 29.Rh3 Bd7
30.Rh1 Rc8 31.Re1 Rc4 32.Ne2 Ra4 33.Ra1 Rc4 34.b3 Rc8 35.Rc1 Re8 36.Nf4 b6
37.Rc3 Bf5 38.Nd3 Bxd3 39.Rxd3 Rc8 40.Re3 a5 41.a4 Rg8 42.Re5 Rb8 43.Kc3 Rg8
44.Kd2 Rc8 45.Re1 Rf8 46.Re5 f6 47.Re3 Rc8 48.Re1 Rg8 49.Re2 Rb8 50.Kc3 Rc8+
51.Kd2 Kd7 52.Re1 Rc6 53.g4 Re6 54.Rxe6 Kxe6  1/2-1/2

[Event "Karadjordje-Serbia"]
[Site "Topola SCG"]
[Date "2004.05.14"]
[Round "11"]
[White "Mastrovasilis,D"]
[Black "Damljanovic,B"]
[Result "1-0"]
[WhiteElo "2533"]
[BlackElo "2583"]

1.e4 c5 2.Nf3 d6 3.d4 cxd4 4.Nxd4 Nf6 5.Nc3 Nc6 6.Bg5 e6 7.Qd2 a6 8.O-O-O Bd7
9.f4 b5 10.Bxf6 gxf6 11.Kb1 b4 12.Nce2 Qb6 13.f5 Nxd4 14.Nxd4 e5 15.Ne2 h5
16.h4 Ke7 17.Ng3 Bh6 18.Qd5 Be3 19.Bc4 Raf8 20.Qd3 Bb5 21.Rh3 Bf2 22.Bxb5 axb5
23.Qf3 Ra8 24.Ne2 Ra4 25.Nc1 Bd4 26.g4 hxg4 27.Qxg4 Be3 28.Nb3 Rha8 29.Qe2 Bd4
30.Nc1 Qa6 31.Rb3 Qc6 32.h5 Qc4 33.Rdd3 Rg8 34.Rg3 Raa8 35.Qg2 Rh8 36.Rh3 Rag8
37.Rbg3 Rxg3 38.Qxg3 Qf1 39.h6 Qf2 40.Qxf2 Bxf2 41.Nd3 Bc5 42.a3 bxa3 43.Nxc5 dxc5
44.bxa3 c4 45.Kb2 Kd6 46.h7 Kc6 47.Kc3 Kc5 48.Rh6  1-0

[Event "Capablanca Mem Premier II"]
[Site "Havana CUB"]
[Date "2004.05.19"]
[Round "13"]
[White "Rodriguez Guerrero,E"]
[Black "Borriss,M"]
[Result "1/2-1/2"]
[WhiteElo "2407"]
[BlackElo "2441"]

1.e4 c5 2.Nf3 d6 3.d4 cxd4 4.Nxd4 Nf6 5.Nc3 Nc6 6.Bg5 e6 7.Qd2 Be7 8.O-O-O a6
9.f3 h6 10.Be3 Nxd4 11.Qxd4 e5 12.Qd2 Be6 13.Kb1 Rc8 14.g4 Qa5 15.h4 Rxc3
16.Qxc3 Qxa2+ 17.Kc1 O-O 18.g5 Nh5 19.Qa3 Qxa3 20.bxa3 Ng3 21.Rg1 Nxf1 22.Rgxf1 hxg5
23.hxg5 Kh7 24.Rg1 Kg6 25.Kb2 Rc8 26.Rg2 Rh8 27.Rg3 Rh2 28.Kc3 Re2 29.Bb6 Rh2
30.Be3 Rh8 31.Kb2 Rc8 32.Rd3 Rc4 33.Rc3 Rxc3 34.Kxc3 d5 35.Kb2 dxe4 36.fxe4 Bd7
37.Kc3 Bxa3 38.Rg1 Bc6 39.Kd3 Be7 40.c4 a5 41.c5 a4 42.Rg2 Bd8 43.Rg1 Bb5+
44.Kc3 Ba5+ 45.Kc2 Bd8 46.Bd2 Bc6 47.Kd3 b6 48.Be3 bxc5 49.Bxc5 Bb5+ 50.Ke3 Bxg5+
51.Kf3 Kf6 52.Rb1 Bd7 53.Rb6+ Be6 54.Ra6 Bf4 55.Be3 Bxe3 56.Kxe3 g6  1/2-1/2

[Event "TCh-SCG"]
[Site "Petrovac SCG"]
[Date "2004.05.19"]
[Round "4"]
[White "Ivanovic,B"]
[Black "Damljanovic,B"]
[Result "1/2-1/2"]
[WhiteElo "2439"]
[BlackElo "2583"]

1.e4 c5 2.Nf3 d6 3.d4 cxd4 4.Nxd4 Nf6 5.Nc3 Nc6 6.Bg5 e6 7.Qd2 a6 8.O-O-O Bd7
9.f3 Be7 10.Be3 h5 11.Kb1 b5 12.Qf2 Ne5 13.Bd3 Qb8 14.h3 b4 15.Nce2 h4 16.g4 hxg3
17.Nxg3 Nxd3 18.cxd3 a5 19.h4 Nh5 20.Bg5 Bf8 21.Nxh5 Rxh5 22.Rc1 e5 23.Ne2 Qb5
24.d4 a4 25.Rhd1 f6 26.Be3 Rc8 27.Rxc8+ Bxc8 28.dxe5 dxe5 29.Ng3 Rh8 30.Qc2 Be6
31.Qc7 Be7 32.Nf5 Bxf5 33.exf5 Kf7 34.Rd7 Re8 35.Bc5 Qf1+ 36.Kc2 Qe2+ 37.Kc1 Qe1+
38.Kc2  1/2-1/2

[Event "TCh-NED"]
[Site "Enschede NED"]
[Date "2004.05.20"]
[Round "1"]
[White "De Vreugt,D"]
[Black "Van der Wiel,J"]
[Result "1/2-1/2"]
[WhiteElo "2472"]
[BlackElo "2526"]

1.e4 c5 2.Nf3 d6 3.d4 cxd4 4.Nxd4 Nf6 5.Nc3 Nc6 6.Bg5 e6 7.Qd2 a6 8.O-O-O Bd7
9.f3 Be7 10.h4 h6 11.Be3 h5 12.Be2 Rc8 13.Nxc6 Bxc6 14.Bd4 b5 15.a3 Qc7 16.Qe3 Nd7
17.Bxg7 Rh7 18.Bh6 a5 19.Bd3 b4 20.axb4 axb4 21.Nd5 exd5 22.exd5 Ba4 23.Rd2 Rxh6
24.Qxh6 Ne5 25.Qh8+ Bf8 26.Re1 Qe7 27.Re4 f5 28.Qxh5+ Kd8 29.Qxf5 Bh6 30.f4 Bd7
31.Qh5 Nxd3+ 32.Rxd3 Qxe4 33.Qxh6 Qe1+ 34.Rd1 Rxc2+ 35.Kxc2 Bf5+ 36.Kc1 Qe3+
37.Rd2 Qc5+ 38.Kd1 Bg4+ 39.Re2 Qd4+ 40.Ke1 Qg1+ 41.Kd2 Qd4+ 42.Ke1 Qg1+ 43.Kd2 Qd4+  1/2-1/2

[Event "Victor Syre Open"]
[Site "Issy les Moulineaux FRA"]
[Date "2004.05.20"]
[Round "1"]
[White "Simon,O"]
[Black "Aouizerate,R"]
[Result "1-0"]
[WhiteElo "2283"]
[BlackElo "2095"]

1.e4 c5 2.Nf3 d6 3.d4 cxd4 4.Nxd4 Nf6 5.Nc3 Nc6 6.Bg5 Qb6 7.Nb3 e6 8.f4 Qe3+
9.Qe2 Qxe2+ 10.Bxe2 a6 11.Bf3 Be7 12.O-O-O O-O 13.Na4 Rb8 14.Nb6 Rd8 15.a4 Kf8
16.a5 Ne8 17.Bxe7+ Kxe7 18.Rd2 g6 19.g4 Nc7 20.Rhd1 f6 21.h4 h6 22.c4 Ne8
23.e5 fxe5 24.Bxc6 bxc6 25.fxe5 d5 26.Rf2 Nc7 27.Rdf1 Rg8 28.Rf7+ Kd8 29.Nd4 Bb7
30.Rxc7 Kxc7 31.Nxe6+  1-0

[Event "22nd LIE-Open"]
[Site "Triesen LIE"]
[Date "2004.05.20"]
[Round "7"]
[White "Van der Weide,K"]
[Black "Weindl,A"]
[Result "1-0"]
[WhiteElo "2460"]
[BlackElo "2351"]

1.e4 c5 2.Nf3 Nc6 3.d4 cxd4 4.Nxd4 Nf6 5.Nc3 d6 6.Bg5 Bd7 7.Be2 Qa5 8.Bxf6 gxf6
9.O-O Nxd4 10.Qxd4 Rc8 11.Nd5 Qc5 12.Qd2 Qxc2 13.Qe3 Bh6 14.Qxh6 Qxe2 15.Qg7 Rf8
16.Rac1 Rxc1 17.Rxc1 Bc6 18.Nc7+ Kd7 19.Qxf8 Qxe4 20.Qg8 Kxc7 21.b4 a6 22.a4 Qxb4
23.Qxf7 Qe4 24.Qg7 Kb6 25.Qg3 Bxa4 26.Qc3 Bc6 27.f3 Qe5 28.Qd3 Kc7 29.Kh1 f5
30.Qd2 Qf6 31.f4 Kd7 32.h3 a5 33.Rc5 a4 34.Ra5 Qh6 35.Kh2 Qg6 36.Ra8 h5 37.Qa2 h4
38.Rg8 Qe6 39.Rd8+ Kxd8 40.Qxe6 b5 41.Qe1 Kd7 42.Qb4 Ke6 43.g3 hxg3+ 44.Kxg3 Bd5
45.Kf2 Bc4 46.Ke3 Kf6 47.Kd2 Kg6 48.Qc3 Kh7 49.Qe3 e6 50.Qb6  1-0

[Event "29th Elekes Mem GM"]
[Site "Budapest HUN"]
[Date "2004.05.22"]
[Round "8"]
[White "Medvegy,N"]
[Black "Danner,G"]
[Result "0-1"]
[WhiteElo "2367"]
[BlackElo "2393"]

1.e4 c5 2.Nf3 d6 3.d4 cxd4 4.Nxd4 Nf6 5.Nc3 Nc6 6.Bg5 e6 7.Qd2 Be7 8.O-O-O Nxd4
9.Qxd4 O-O 10.f4 Qa5 11.Bc4 h6 12.Bh4 e5 13.fxe5 dxe5 14.Qd3 Bg4 15.Rdf1 Rac8
16.Bxf6 Bxf6 17.Nd5 Bg5+ 18.Kb1 Qc5 19.Bb3 a5 20.h4 Be7 21.Qg3 Be6 22.Nxe7+ Qxe7
23.Qxe5 Rc5 24.Bd5 Re8 25.Qd4 Bxd5 26.exd5 Qd6 27.Re1 Rxe1+ 28.Rxe1 Rxd5
29.Qg4 h5 30.Qf3 b6 31.a3 Re5 32.Rd1 Qe6 33.b3 Kh7 34.Qd3+ Qf5 35.Kb2 Qxd3
36.Rxd3 f5 37.g3 Re6 38.Rf3 Kg6 39.c4 Kf6 40.b4 axb4 41.axb4 g5 42.Kc3 g4
43.Rd3 f4 44.gxf4 Kf5 45.Rd5+ Kxf4 46.Rxh5 g3 47.Rg5 Kf3 48.b5 g2 49.c5 Re5
50.Rxe5 g1=Q 51.Kd3 Qf1+ 52.Kd4 Qd1+ 53.Kc4 Qa4+ 54.Kd5 Qxb5 55.Kd6  0-1

[Event "57th ch-RUS Qualifier"]
[Site "St Petersburg RUS"]
[Date "2004.05.27"]
[Round "6"]
[White "Danin,A"]
[Black "Alekseev,Evgeny"]
[Result "0-1"]
[WhiteElo "2332"]
[BlackElo "2616"]

1.e4 c5 2.Nf3 Nc6 3.d4 cxd4 4.Nxd4 Nf6 5.Nc3 d6 6.Bg5 e6 7.Qd2 a6 8.O-O-O Bd7
9.f4 b5 10.Bxf6 gxf6 11.Nxc6 Bxc6 12.Qe3 Qe7 13.Bd3 Qa7 14.Qe1 O-O-O 15.Kb1 Kb8
16.Rf1 Be7 17.f5 Rhg8 18.Qh4 Rg7 19.Qh3 b4 20.Ne2 e5 21.Ng3 d5 22.Qh6 Rg4
23.Qxh7 dxe4 24.Be2 Rf4 25.Rxd8+ Bxd8 26.Rd1 Qe7 27.Qh8 Kc7 28.h4 Bb5 29.Bxb5 axb5
30.h5 e3 31.h6 Rd4 32.Rxd4 exd4 33.h7 e2 34.Nxe2 Qxe2 35.b3 d3 36.cxd3 Qxd3+
37.Kc1 Qf1+ 38.Kd2 Qxg2+ 39.Kd1 Qf1+ 40.Kd2 Qf4+ 41.Ke2 Qe5+ 42.Kd2 Qb2+
43.Ke3 Be7 44.Qg8 Bc5+ 45.Kf3 Qf2+ 46.Kg4 Qg1+ 47.Kh3 Qh1+ 48.Kg3 Bd6+ 49.Kf2 Qh4+
50.Kg2 Qe4+ 51.Kg1 Qe1+ 52.Kg2 Qe2+ 53.Kg1 Bc5+ 54.Kh1 Qf1+  0-1

[Event "Summer II"]
[Site "Alushta UKR"]
[Date "2004.05.29"]
[Round "10"]
[White "Pavlov,Ma"]
[Black "Kononenko,Dmitry1"]
[Result "0-1"]
[WhiteElo "2451"]
[BlackElo "2457"]

1.e4 c5 2.Nf3 Nc6 3.d4 cxd4 4.Nxd4 Nf6 5.Nc3 d6 6.Bg5 e6 7.Qd2 a6 8.O-O-O h6
9.Be3 Qc7 10.f3 Rb8 11.g4 Ne5 12.h4 b5 13.Rg1 Nfd7 14.Bd3 Nb6 15.Kb1 Nbc4
16.Qf2 d5 17.exd5 Nxb2 18.Kxb2 Ba3+ 19.Kxa3 Qxc3+ 20.Nb3 Bd7 21.Bc5 b4+ 22.Bxb4 Rxb4  0-1

[Event "XII Guillermo Garcia Prem I"]
[Site "Santa Clara CUB"]
[Date "2004.05.29"]
[Round "9"]
[White "Rodriguez Guerrero,E"]
[Black "Leon Hoyos,M"]
[Result "0-1"]
[WhiteElo "2407"]
[BlackElo "2286"]

1.e4 c5 2.Nf3 d6 3.d4 cxd4 4.Nxd4 Nf6 5.Nc3 Nc6 6.Bg5 e6 7.Qd2 a6 8.O-O-O Bd7
9.f3 b5 10.Nxc6 Bxc6 11.Ne2 Bb7 12.Nd4 Qc7 13.Kb1 Rc8 14.Bd3 Nd7 15.Rhe1 g6
16.Bf1 Qb8 17.f4 Qa8 18.e5 d5 19.g4 Qa7 20.f5 Qb6 21.h4 Bc5 22.Nb3 Bf2 23.Re2 Bg3
24.Bf4 Bxf4 25.Qxf4 Nc5 26.Nd4 Qd8 27.Rf2 Qe7 28.Bd3 Kd7 29.Rdf1 Rce8 30.fxe6+ fxe6
31.Qh6 Kc8 32.Rf7 Qd8 33.Qe3 Nd7 34.Bxb5 axb5 35.Nxb5 Bc6 36.Nd6+ Kb8 37.R1f4 Qa5
38.a3 Kc7 39.Rb4 Rb8 40.Qc3 Qa6 41.Qc5 Rxb4 42.axb4 Ra8 43.Qa5+ Qxa5 44.bxa5 Rxa5
45.Rxh7 d4 46.Nf7 Kb6 47.h5 Nxe5 48.hxg6 Nxg6 49.Rh6 Nf8 50.Rh8 Nd7 51.Rh6 Ne5
52.Nd6 Bd5 53.g5 Kc5 54.Ne8 Ra8 55.Nf6 Rf8 56.b3 Kd6 57.Rh7 Nf3 58.Rh5 Bc6
59.Nh7 Rf5 60.Kb2 Be8 61.Rh1 Nxg5 62.Nxg5 Rxg5 63.b4 Kd5 64.Rh8 Bc6 65.Rd8+ Kc4
66.Rc8 Kb5 67.Rb8+ Ka4 68.Rb6 Bd5 69.Rb8 Rg2 70.Kc1 Be4 71.Re8 Rxc2+ 72.Kd1 d3
73.Rxe6 Bf3+  0-1

[Event "3rd ACP Blitz Prelim2"]
[Site "playchess.com INT"]
[Date "2004.06.01"]
[Round "2"]
[White "Fernandez,Joh"]
[Black "Avrukh,B"]
[Result "1/2-1/2"]
[WhiteElo "2153"]
[BlackElo "2620"]

1.e4 c5 2.Nf3 Nc6 3.d4 cxd4 4.Nxd4 Nf6 5.Nc3 d6 6.Bg5 e6 7.Qd2 a6 8.O-O-O Be7
9.f4 Bd7 10.Nf3 b5 11.Bxf6 gxf6 12.Kb1 Qb6 13.f5 O-O-O 14.g3 Kb8 15.fxe6 fxe6
16.Bh3 Bc8 17.Qe1 Rhe8 18.Ne2 Bf8 19.Nf4 Bh6 20.Rf1 d5 21.exd5 exd5 22.Qc3 Bxf4
23.Bxc8 Be5 24.Nxe5 fxe5 25.Bf5 Re7 26.g4 Nd4 27.h4 b4 28.Qd3 h6 29.g5 hxg5
30.hxg5 Rg8 31.g6 Nxf5 32.Qxf5 Qxg6 33.Qxg6 Rxg6 34.Rxd5 e4 35.Re1 e3 36.Rd4 Rb6
37.Kc1 Kb7 38.Kd1 a5 39.Rd3 Rbe6 40.Ke2 Rc6 41.c3 bxc3 42.Rxc3 Rxc3 43.bxc3 Kc6
44.Kd3 Rd7+ 45.Kxe3 Kc5 46.Rh1 Kc4 47.Rh5 a4 48.Rh4+ Kxc3 49.Rxa4 Re7+ 50.Kf4 Kb2
51.Ra6 Rb7 52.a4 Kb3 53.a5 Ka4 54.Ke5 Rb5+ 55.Kd6 Rxa5 56.Rxa5+ Kxa5  1/2-1/2

[Event "3rd ACP Blitz Prelim2"]
[Site "playchess.com INT"]
[Date "2004.06.01"]
[Round "8"]
[White "Shomoev,A"]
[Black "Avrukh,B"]
[Result "0-1"]
[WhiteElo "2487"]
[BlackElo "2620"]

1.e4 c5 2.Nf3 Nc6 3.d4 cxd4 4.Nxd4 Nf6 5.Nc3 d6 6.Bg5 e6 7.Qd2 a6 8.O-O-O Bd7
9.f3 Be7 10.Be3 h5 11.Bd3 Qc7 12.Kb1 Ne5 13.Rhe1 b5 14.f4 b4 15.Nce2 Nc4
16.Bxc4 Qxc4 17.Qd3 Rc8 18.Nc1 g6 19.Rd2 O-O 20.Bg1 d5 21.e5 Ne4 22.Rde2 a5
23.Qxc4 Rxc4 24.Ncb3 a4 25.Nd2 Nxd2+ 26.Rxd2 a3 27.b3 Rc3 28.Nf3 Rfc8 29.Bd4 R3c7
30.Re3 Bb5 31.g3 Bf1 32.Ng1 Bc5 33.Bxc5 Rxc5 34.Re1 Ba6 35.Nf3 Rc3 36.Nd4 Kg7
37.h4 Rxg3 38.Kc1 Rg4 39.Rf2 Rxh4 40.Re3 Rh1+ 41.Kd2 Ra1 42.Rg3 Kf8  0-1

[Event "Summer III"]
[Site "Alushta UKR"]
[Date "2004.06.05"]
[Round "1"]
[White "Belikov,V"]
[Black "Babaev,Ra"]
[Result "1-0"]
[WhiteElo "2494"]
[BlackElo "2413"]

1.e4 c5 2.Nf3 d6 3.d4 cxd4 4.Nxd4 Nf6 5.Nc3 Nc6 6.Bg5 e6 7.Qd2 a6 8.O-O-O h6
9.Nxc6 bxc6 10.Bf4 d5 11.Qe3 Bb4 12.a3 Be7 13.Be2 O-O 14.h4 Bb7 15.Rh3 c5
16.Bxh6 d4 17.Qg3 Ne8 18.e5 Qb6 19.Nb1 c4 20.Bxc4 Be4 21.Bd3 Qc6 22.Bg5 f6
23.Bxe4 Qxe4 24.exf6 Nxf6 25.Qf3 Qe5 26.Qg3 Qf5 27.Qf3 Qe5 28.Nd2 Rac8 29.Kb1 d3
30.Qxd3 Rfd8 31.Re3 Qc5 32.Qb3 Nd5 33.Rxe6 Bxg5 34.Ne4  1-0

[Event "FSGM June"]
[Site "Budapest HUN"]
[Date "2004.06.05"]
[Round "1"]
[White "Fogarasi,T"]
[Black "Gonda,L"]
[Result "1/2-1/2"]
[WhiteElo "2465"]
[BlackElo "2397"]

1.e4 c5 2.Nf3 Nc6 3.d4 cxd4 4.Nxd4 Nf6 5.Nc3 d6 6.Bg5 e6 7.Qd2 a6 8.Be2 Be7
9.O-O d5 10.Nxc6 bxc6 11.e5 Nd7 12.Bxe7 Qxe7 13.f4 a5 14.Rae1 Qb4 15.f5 exf5
16.Rxf5 Nf8 17.Rf4 Qb6+ 18.Kh1 Ng6 19.Rf3 O-O 20.Bd3 Ra7 21.b3 Re7 22.Na4 Qc7
23.Bxg6 hxg6 24.Rfe3 Rfe8 25.Qc3 Bf5 26.Nc5 Qb6 27.a3 Be4 28.Kg1 Qa7 29.e6 fxe6  1/2-1/2

[Event "FSGM June"]
[Site "Budapest HUN"]
[Date "2004.06.07"]
[Round "3"]
[White "Fogarasi,T"]
[Black "Muir,A"]
[Result "1/2-1/2"]
[WhiteElo "2465"]
[BlackElo "2335"]

1.e4 c5 2.Nf3 Nc6 3.d4 cxd4 4.Nxd4 Nf6 5.Nc3 d6 6.Bg5 e6 7.Qd2 Be7 8.O-O-O O-O
9.f4 Nxd4 10.Qxd4 Qa5 11.Bc4 Bd7 12.Rd3 Rad8 13.Rg3 Kh8 14.e5 dxe5 15.fxe5 Ng8
16.Qf4 h6 17.h4 f6 18.exf6 Bxf6 19.Qg4 Qf5 20.Ne4 Bc6 21.Bxf6 Qxg4 22.Rxg4 Nxf6
23.Nxf6 Rxf6 24.Re1 Rd6 25.b4 b5 26.Bd3 Kg8 27.Re3 Rf2 28.Reg3 Rd7 29.Rg6 Re7
30.Rxh6 Bxg2 31.Rhg6 Bf1 32.Be4 Rh2 33.R6g4 Re2 34.Rf4 Rf7 35.Rxf7 Kxf7  1/2-1/2